Egypt after Mubarak : (Record no. 15260)
[ view plain ]
| 000 -LEADER | |
|---|---|
| fixed length control field | 02205cam a2200421 a 4500 |
| 001 - CONTROL NUMBER | |
| control field | 15293502 |
| 005 - DATE AND TIME OF LATEST TRANSACTION | |
| control field | 20100205080447.0 |
| 008 - FIXED-LENGTH DATA ELEMENTS--GENERAL INFORMATION | |
| fixed length control field | 080508s2008 nju b 001 0 eng |
| 010 ## - LIBRARY OF CONGRESS CONTROL NUMBER | |
| LC control number | 2008019455 |
| 015 ## - NATIONAL BIBLIOGRAPHY NUMBER | |
| National bibliography number | GBA8B4412 |
| Source | bnb |
| 016 7# - NATIONAL BIBLIOGRAPHIC AGENCY CONTROL NUMBER | |
| Record control number | 014765714 |
| Source | Uk |
| 020 ## - INTERNATIONAL STANDARD BOOK NUMBER | |
| International Standard Book Number | 0691136653 (hardcover : alk. paper) |
| 020 ## - INTERNATIONAL STANDARD BOOK NUMBER | |
| International Standard Book Number | 0691136653 (hardcover : alk. paper) |
| 035 ## - SYSTEM CONTROL NUMBER | |
| System control number | (OCoLC)ocn228427187 |
| 040 ## - CATALOGING SOURCE | |
| Original cataloging agency | DLC |
| Transcribing agency | DLC |
| Modifying agency | YDXCP |
| -- | BAKER |
| -- | BTCTA |
| -- | UKM |
| -- | C#P |
| -- | BWX |
| -- | CDX |
| -- | XMA |
| -- | OCLCQ |
| -- | DLC |
| 043 ## - GEOGRAPHIC AREA CODE | |
| Geographic area code | f-ua--- |
| 050 00 - LIBRARY OF CONGRESS CALL NUMBER | |
| Classification number | JQ3881 |
| Item number | .R87 2008 |
| 082 00 - DEWEY DECIMAL CLASSIFICATION NUMBER | |
| Classification number | 320.962 |
| Edition number | 22 |
| Item number | RUT |
| 100 1# - MAIN ENTRY--PERSONAL NAME | |
| Personal name | Rutherford, Bruce K. |
| 9 (RLIN) | 23719 |
| 245 10 - TITLE STATEMENT | |
| Title | Egypt after Mubarak : |
| Remainder of title | Liberalism, Islam, and Democracy in the Arab World / |
| Statement of responsibility, etc | Bruce K. Rutherford. |
| 260 ## - PUBLICATION, DISTRIBUTION, ETC. (IMPRINT) | |
| Place of publication, distribution, etc | Princeton : |
| Name of publisher, distributor, etc | Princeton University Press, 2008 |
| Date of publication, distribution, etc | c2008. |
| 300 ## - PHYSICAL DESCRIPTION | |
| Extent | x, 292 p. ; |
| Dimensions | 25 cm. |
| 490 1# - Series Statement | |
| Series statement | Princeton studies in Muslim politics |
| -- | 23720 |
| 504 ## - BIBLIOGRAPHY, ETC. NOTE | |
| Bibliography, etc | Includes bibliographical references (p. [261]-278) and index. |
| 505 0# - FORMATTED CONTENTS NOTE | |
| Formatted contents note | 1. Hybrid regimes and Arab democracy -- 2. Liberal constitutionalism : preserving and adapting Egypt's liberal tradition -- 3. Islamic constitutionalism : the political goals of moderate Islam -- 4. The decline of statism and the convergence of political alternatives -- 5. Economic restructuring and the rise of market liberalism -- 6. Liberalism, Islam, and Egypt's political future. |
| 610 20 - SUBJECT ADDED ENTRY--CORPORATE NAME | |
| Corporate name or jurisdiction name as entry element | Jamiyat al-Ikhwan al-Muslimin (Egypt) |
| General subdivision | Political activity. |
| 9 (RLIN) | 23721 |
| 650 #0 - SUBJECT ADDED ENTRY--TOPICAL TERM | |
| Topical term or geographic name as entry element | Islam and politics |
| Geographic subdivision | Egypt |
| General subdivision | Forecasting. |
| 9 (RLIN) | 23722 |
| 650 #0 - SUBJECT ADDED ENTRY--TOPICAL TERM | |
| Topical term or geographic name as entry element | Democracy |
| Geographic subdivision | Egypt. |
| 9 (RLIN) | 23723 |
| 650 #0 - SUBJECT ADDED ENTRY--TOPICAL TERM | |
| Topical term or geographic name as entry element | Liberalism |
| Geographic subdivision | Egypt. |
| 9 (RLIN) | 23724 |
| 650 #0 - SUBJECT ADDED ENTRY--TOPICAL TERM | |
| Topical term or geographic name as entry element | Lawyers |
| General subdivision | Political activity |
| Geographic subdivision | Egypt. |
| 9 (RLIN) | 23725 |
| 651 #0 - SUBJECT ADDED ENTRY--GEOGRAPHIC NAME | |
| Geographic name | Egypt |
| General subdivision | Politics and government |
| Chronological subdivision | 21st century |
| General subdivision | Forecasting. |
| 9 (RLIN) | 23726 |
| 651 #0 - SUBJECT ADDED ENTRY--GEOGRAPHIC NAME | |
| Geographic name | Egypt |
| General subdivision | Economic policy. |
| 9 (RLIN) | 23727 |
| 653 ## - INDEX TERM--UNCONTROLLED | |
| Resource For college | |
| Arrived date list | May2011 |
| 830 #0 - SERIES ADDED ENTRY--UNIFORM TITLE | |
| Uniform title | Princeton studies in Muslim politics. |
| 9 (RLIN) | 23728 |
| 942 ## - ADDED ENTRY ELEMENTS (KOHA) | |
| Source of classification or shelving scheme | Dewey Decimal Classification |
| Item type | Book - Borrowing |
| Withdrawn status | Item status | Source of classification or shelving scheme | Damaged status | Not for loan | Vendor | Home library | Current library | Shelving location | Date acquired | Cost, normal purchase price | Serial Enumeration / chronology | Total Checkouts | Total Renewals | Full call number | Barcode | Date last seen | Date last borrowed | Koha item type |
|---|---|---|---|---|---|---|---|---|---|---|---|---|---|---|---|---|---|---|
| Dewey Decimal Classification | Diwan | Central Library | Central Library | First floor | 10/05/2011 | 210.00 | 124070 | 13 | 42 | 320.962 RUT | 000023532 | 15/07/2025 | 04/11/2019 | Book - Borrowing |